000 00411nam a2200169Ia 4500
008 230524s9999 xx 000 0 und d
020 _a9780070582811
082 _a5.133
_bPOW
100 _aThomas A.Powell
245 0 _aHTML & XHTML The Complete Reference
250 _a4TH
260 _aNEW DELHI
_bTMH
_c2008
300 _aXXII;899
500 _aQuantity Number: 10
650 _aComp-Sc
942 _cBK
999 _c38345
_d38345